<?xml version="1.0" encoding="UTF-8"?>
<record
    xmlns:xsi="http://www.w3.org/2001/XMLSchema-instance"
    xsi:schemaLocation="http://www.loc.gov/MARC21/slim http://www.loc.gov/standards/marcxml/schema/MARC21slim.xsd"
    xmlns="http://www.loc.gov/MARC21/slim">

  <leader>01033aam a2200361 i 4500</leader>
  <controlfield tag="001">vtls000899604</controlfield>
  <controlfield tag="003">PNM</controlfield>
  <controlfield tag="005">20201006113228.0</controlfield>
  <controlfield tag="008">200310s2020    my     e      000 j may  </controlfield>
  <datafield tag="015" ind1=" " ind2=" ">
    <subfield code="a">M20-02987</subfield>
  </datafield>
  <datafield tag="020" ind1=" " ind2=" ">
    <subfield code="a">9789671699386</subfield>
    <subfield code="q">paperback</subfield>
    <subfield code="c">RM35.00</subfield>
  </datafield>
  <datafield tag="039" ind1=" " ind2="9">
    <subfield code="a">202006041027</subfield>
    <subfield code="b">siti</subfield>
    <subfield code="c">202003101051</subfield>
    <subfield code="d">ety</subfield>
    <subfield code="c">202003101051</subfield>
    <subfield code="d">ety</subfield>
  </datafield>
  <datafield tag="040" ind1=" " ind2=" ">
    <subfield code="a">BNM</subfield>
    <subfield code="b">eng</subfield>
    <subfield code="c">BNM</subfield>
    <subfield code="e">rda</subfield>
    <subfield code="d">PPAK</subfield>
  </datafield>
  <datafield tag="049" ind1=" " ind2=" ">
    <subfield code="a">mal</subfield>
  </datafield>
  <datafield tag="082" ind1="0" ind2="4">
    <subfield code="a">899.2333</subfield>
    <subfield code="2">23</subfield>
  </datafield>
  <datafield tag="082" ind1="0" ind2="4">
    <subfield code="a">899.23301</subfield>
    <subfield code="2">23</subfield>
  </datafield>
  <datafield tag="090" ind1="0" ind2="0">
    <subfield code="a">899.2333</subfield>
    <subfield code="b">HAF</subfield>
    <subfield code="d">G</subfield>
  </datafield>
  <datafield tag="090" ind1="2" ind2="0">
    <subfield code="a">899.23301</subfield>
    <subfield code="b">HAF</subfield>
    <subfield code="d">G</subfield>
  </datafield>
  <datafield tag="100" ind1="0" ind2=" ">
    <subfield code="a">Hafizah Iszahanid,</subfield>
    <subfield code="e">author.</subfield>
  </datafield>
  <datafield tag="245" ind1="1" ind2="0">
    <subfield code="a">MULIERES :</subfield>
    <subfield code="b">kumpulan cerpen /</subfield>
    <subfield code="c">Hafizah Iszahanid</subfield>
  </datafield>
  <datafield tag="264" ind1=" " ind2="1">
    <subfield code="a">Kuala Lumpur :</subfield>
    <subfield code="b">Nusa Centre,</subfield>
    <subfield code="c">[2020?]</subfield>
  </datafield>
  <datafield tag="300" ind1=" " ind2=" ">
    <subfield code="a">148 pages ;</subfield>
    <subfield code="c">19 cm</subfield>
  </datafield>
  <datafield tag="336" ind1=" " ind2=" ">
    <subfield code="a">text</subfield>
    <subfield code="2">rdacontent</subfield>
  </datafield>
  <datafield tag="337" ind1=" " ind2=" ">
    <subfield code="a">unmediated</subfield>
    <subfield code="2">rdamedia</subfield>
  </datafield>
  <datafield tag="338" ind1=" " ind2=" ">
    <subfield code="a">volume</subfield>
    <subfield code="2">rdacarrier</subfield>
  </datafield>
  <datafield tag="650" ind1="1" ind2="0">
    <subfield code="a">Short stories, Malay</subfield>
  </datafield>
  <datafield tag="650" ind1="2" ind2="4">
    <subfield code="a">Malaysian fiction (Malay)</subfield>
  </datafield>
  <datafield tag="650" ind1="2" ind2="0">
    <subfield code="a">Malay fiction</subfield>
  </datafield>
  <datafield tag="942" ind1=" " ind2=" ">
    <subfield code="2">ddc</subfield>
    <subfield code="c">B</subfield>
  </datafield>
  <datafield tag="949" ind1=" " ind2=" ">
    <subfield code="6">2000646401</subfield>
  </datafield>
  <datafield tag="949" ind1=" " ind2=" ">
    <subfield code="6">2000646399</subfield>
  </datafield>
  <datafield tag="949" ind1=" " ind2=" ">
    <subfield code="6">2000646400</subfield>
  </datafield>
  <datafield tag="999" ind1=" " ind2=" ">
    <subfield code="c">179328</subfield>
    <subfield code="d">179328</subfield>
  </datafield>
  <datafield tag="952" ind1=" " ind2=" ">
    <subfield code="0">0</subfield>
    <subfield code="7">0</subfield>
    <subfield code="b">PPAK</subfield>
    <subfield code="c">G</subfield>
    <subfield code="d">2020-10-20</subfield>
    <subfield code="l">1</subfield>
    <subfield code="o">899.2333 HAF</subfield>
    <subfield code="p">A01658206</subfield>
    <subfield code="r">2022-11-22 00:00:00</subfield>
    <subfield code="s">2022-11-02</subfield>
    <subfield code="y">B</subfield>
  </datafield>
  <datafield tag="952" ind1=" " ind2=" ">
    <subfield code="0">0</subfield>
    <subfield code="7">0</subfield>
    <subfield code="b">SP</subfield>
    <subfield code="c">G</subfield>
    <subfield code="d">2020-10-20</subfield>
    <subfield code="l">1</subfield>
    <subfield code="o">899.2333 HAF</subfield>
    <subfield code="p">A01658207</subfield>
    <subfield code="r">2022-08-22 00:00:00</subfield>
    <subfield code="s">2022-08-01</subfield>
    <subfield code="y">B</subfield>
  </datafield>
  <datafield tag="952" ind1=" " ind2=" ">
    <subfield code="0">0</subfield>
    <subfield code="7">0</subfield>
    <subfield code="b">JT</subfield>
    <subfield code="c">G</subfield>
    <subfield code="d">2020-10-20</subfield>
    <subfield code="o">899.2333 HAF</subfield>
    <subfield code="p">A01658208</subfield>
    <subfield code="r">2020-10-20 00:00:00</subfield>
    <subfield code="y">B</subfield>
  </datafield>
  <datafield tag="952" ind1=" " ind2=" ">
    <subfield code="0">0</subfield>
    <subfield code="7">0</subfield>
    <subfield code="b">LW</subfield>
    <subfield code="c">G</subfield>
    <subfield code="d">2020-10-20</subfield>
    <subfield code="o">899.2333 HAF</subfield>
    <subfield code="p">A01658209</subfield>
    <subfield code="r">2020-10-20 00:00:00</subfield>
    <subfield code="y">B</subfield>
  </datafield>
  <datafield tag="952" ind1=" " ind2=" ">
    <subfield code="0">0</subfield>
    <subfield code="7">0</subfield>
    <subfield code="b">KM</subfield>
    <subfield code="c">G</subfield>
    <subfield code="d">2020-10-20</subfield>
    <subfield code="o">899.2333 HAF</subfield>
    <subfield code="p">A01658210</subfield>
    <subfield code="r">2020-10-20 00:00:00</subfield>
    <subfield code="y">B</subfield>
  </datafield>
  <datafield tag="952" ind1=" " ind2=" ">
    <subfield code="0">0</subfield>
    <subfield code="7">0</subfield>
    <subfield code="b">BL</subfield>
    <subfield code="c">G</subfield>
    <subfield code="d">2020-10-20</subfield>
    <subfield code="o">899.2333 HAF</subfield>
    <subfield code="p">A01658211</subfield>
    <subfield code="r">2020-10-20 00:00:00</subfield>
    <subfield code="y">B</subfield>
  </datafield>
  <datafield tag="952" ind1=" " ind2=" ">
    <subfield code="0">0</subfield>
    <subfield code="7">0</subfield>
    <subfield code="b">BB</subfield>
    <subfield code="c">G</subfield>
    <subfield code="d">2020-10-20</subfield>
    <subfield code="o">899.2333 HAF</subfield>
    <subfield code="p">A01658212</subfield>
    <subfield code="r">2020-10-20 00:00:00</subfield>
    <subfield code="y">B</subfield>
  </datafield>
  <datafield tag="952" ind1=" " ind2=" ">
    <subfield code="0">0</subfield>
    <subfield code="7">0</subfield>
    <subfield code="b">MR</subfield>
    <subfield code="c">G</subfield>
    <subfield code="d">2020-10-20</subfield>
    <subfield code="o">899.2333 HAF</subfield>
    <subfield code="p">A01658213</subfield>
    <subfield code="r">2020-10-20 00:00:00</subfield>
    <subfield code="y">B</subfield>
  </datafield>
  <datafield tag="952" ind1=" " ind2=" ">
    <subfield code="0">0</subfield>
    <subfield code="7">0</subfield>
    <subfield code="b">YN</subfield>
    <subfield code="c">G</subfield>
    <subfield code="d">2020-10-20</subfield>
    <subfield code="o">899.2333 HAF</subfield>
    <subfield code="p">A01658214</subfield>
    <subfield code="r">2020-10-20 00:00:00</subfield>
    <subfield code="y">B</subfield>
  </datafield>
</record>
